000 00479pab a2200169 454500
008 180718b2000 xxu||||| |||| 00| 0 eng d
100 _aD'Aunno, Thomas
245 _aThe role of institutional and market forces in divergent organizational change
260 _c2000
300 _ap.679-703
362 _aDec
650 _aOrganizational change
700 _aAlexander, Jeffrey A.
700 _aSucci, Melissa
773 _aAdministrative Science Quarterly
909 _a47846
999 _c47846
_d47846